Từ điển bách khoa nông nghiệp

Sách giới thiệu những tri thức cơ bản, hiện đại của thế giới và Việt Nam về khoa học nông nghiệp. Nội dung bao gồm khoảng 3.000 mục từ được lựa chọn theo các vấn đề cần thiết và thường gặp, dựa trên những tài liệu khoa học nông nghie...

全面介绍

Đã lưu trong:
书目详细资料
格式: 图书
语言:Undetermined
出版: Hà Nội Trung tâm QG biên soạn TĐBK 1991
主题:
标签: 添加标签
没有标签, 成为第一个标记此记录!
Thư viện lưu trữ: Trung tâm Học liệu Trường Đại học Cần Thơ
LEADER 00969nam a2200193Ia 4500
001 CTU_34369
008 210402s9999 xx 000 0 und d
020 |b 40.000đ 
082 |a 630.3 
082 |b T550 
245 0 |a Từ điển bách khoa nông nghiệp 
260 |a Hà Nội 
260 |b Trung tâm QG biên soạn TĐBK 
260 |c 1991 
520 |a Sách giới thiệu những tri thức cơ bản, hiện đại của thế giới và Việt Nam về khoa học nông nghiệp. Nội dung bao gồm khoảng 3.000 mục từ được lựa chọn theo các vấn đề cần thiết và thường gặp, dựa trên những tài liệu khoa học nông nghiệp được tổng kết, đánh giá và công nhận 
650 |a agriculture 
650 |x encyclopedias and dictionaries 
904 |i Minh 
980 |a Trung tâm Học liệu Trường Đại học Cần Thơ